Türkischestaaten-sudden death - Statistiken

Allgemein
  • Dieses Quiz wurde 271 mal gespielt
  • Das Durchschnittsergebnis liegt bei 12 aus 13
Answers on the Grid
Answers color-coded by a green-red scale on the quiz's grid according to % correct below.
Ankara
Athen
Istanbul
Riad
Elâzığ
Izmir
Yozgat
Sofia
Salzburg
Gebze
Alanya
Buenos Aires
Hamburg
Berlin
Lissabon
Corum
Jerusalem
Izmir
Batman
Belgrad
Bagdad
Canberra
Schottland
Riga
Vilnus
Mainz
Samsun
Antalya
Konya
Stuttgart
 
Antwortstatistiken
Antwort % Korrekt
Istanbul
97%
Ankara
96%
Izmir
96%
Izmir
96%
Samsun
96%
Alanya
95%
Antalya
95%
Konya
95%
Elâzığ
94%
Yozgat
94%
Corum
91%
Gebze
90%
Batman
88%
Keine übereinstimmenden Quizze gefunden
Verteilung der Resultate
Anzahl Personen mit jedem Resultat
Perzentil nach korrekt beantworteten Fragen
Ihre Resultats-Entwicklung
Sie haben dieses Quiz noch nicht gespielt